Mountain agriculture and crop genetic resources / (Record no. 4238)

MARC details
000 -LEADER
fixed length control field 01522nam a2200349 4500
001 - CONTROL NUMBER
control field 2010813
003 - CONTROL NUMBER IDENTIFIER
control field 000
005 - DATE AND TIME OF LATEST TRANSACTION
control field 20250429150439.0
007 - PHYSICAL DESCRIPTION FIXED FIELD--GENERAL INFORMATION
fixed length control field 000
008 - FIXED-LENGTH DATA ELEMENTS--GENERAL INFORMATION
fixed length control field 000
010 ## - LIBRARY OF CONGRESS CONTROL NUMBER
LC control number 90902019
020 ## - INTERNATIONAL STANDARD BOOK NUMBER
International Standard Book Number 8120404726 :
Terms of availability Rs325.00
025 ## - OVERSEAS ACQUISITION NUMBER
Overseas acquisition number I E 62106
040 ## - CATALOGING SOURCE
Original cataloging agency UOEL
Transcribing agency DLC
Modifying agency DLC
050 00 - LIBRARY OF CONGRESS CALL NUMBER
Classification number S604.3
Item number .M68 1990
245 00 - TITLE STATEMENT
Title Mountain agriculture and crop genetic resources /
Statement of responsibility, etc. editors, K.W. Riley ... [et al.].
260 ## - PUBLICATION, DISTRIBUTION, ETC. (IMPRINT)
Place of publication, distribution, etc. New Delhi :
Name of publisher, distributor, etc. Oxford & IBH Pub. Co.,
Date of publication, distribution, etc. c1990.
300 ## - PHYSICAL DESCRIPTION
Extent xi, 330 p., [4] p. of plates :
Other physical details col. ill., maps ;
Dimensions 25 cm.
500 ## - GENERAL NOTE
General note Papers presented at the International Workshop on Mountain Agriculture and Crop Genetic Resources, Feb. 16-19, 1987, Kathmandu, Nepal, organized by Ministry of Agriculture, Nepal, International Development Research Centre, and International Centre for Integrated Mountain Development.
504 ## - BIBLIOGRAPHY, ETC. NOTE
Bibliography, etc Includes bibliographical references.
650 #0 - SUBJECT ADDED ENTRY--TOPICAL TERM
Topical term or geographic name as entry element Hill farming
General subdivision Congresses.
Topical term or geographic name as entry element Crops
General subdivision Germplasm resources
-- Congresses.
Topical term or geographic name as entry element Agricultural ecology
General subdivision Congresses.
700 1# - ADDED ENTRY--PERSONAL NAME
Personal name Riley, K. W.
Fuller form of name (Ken W.)
710 1# - ADDED ENTRY--CORPORATE NAME
Corporate name or jurisdiction name as entry element Nepal.
Subordinate unit Kr̥shi Mantrālaya.
Corporate name or jurisdiction name as entry element International Development Research Centre (Canada)
Corporate name or jurisdiction name as entry element International Centre for Integrated Mountain Development.
711 2# - ADDED ENTRY--MEETING NAME
Meeting name or jurisdiction name as entry element International Workshop on Mountain Agriculture and Crop Genetic Resources
Date of meeting (1987 :
Location of meeting Kathmandu, Nepal)
906 ## - LOCAL DATA ELEMENT F, LDF (RLIN)
a 7
b cbc
c orignew
d 3
e ncip
f 19
g y-gencatlg
942 ## - ADDED ENTRY ELEMENTS (KOHA)
Source of classification or shelving scheme Library of Congress Classification
Koha item type BOOK
Holdings
Withdrawn status Lost status Source of classification or shelving scheme Damaged status Not for loan Home library Current library Shelving location Date acquired Total Checkouts Full call number Barcode Date last seen Copy number Price effective from Koha item type
    Library of Congress Classification     UOE Main Library UOE Main Library Open shelf 08/04/2015   S604 .3 M68 1990 20145787 27/04/2026 20145787 08/04/2015 Loan - Normal on open shelf
    Library of Congress Classification     UOE Main Library UOE Main Library Open shelf 08/04/2015   S604.3 M68 1990 20145786 27/04/2026 20145786 08/04/2015 Loan - Normal on open shelf